000 00272nam a2200109Ia 4500
008 190216s9999||||xx |||||||||||||| ||und||
100 _aBritish Red Cross Society
245 0 _aFirst Aid Manual
260 _b"Dorling Kindersley , London"
650 _aEnglish
942 _cBK
999 _c13477
_d13477